000
00220nam a22000857a 4500
008
160711b xxu||||| |||| 00| 0 eng d
100
_9
2526
_a
Rauf, M.A
245
_a
Cuban Journel
260
_a
N.Y
_b
Thomas Y.Crowell Com.
_c
1964
999
_c
2193
_d
2193